Airways of America.

Bibliographic Details
Main Author: Tyler, Poyntz
Format: Book
Language:English
Published: New York : H. W. Wilson Co., 1958.
Series:Reference shelf ; v. 30, no. 6.
Subjects:

MARC

Tag First Indicator Second Indicator Subfields
LEADER 00000cam a22000001 4500
001 in00000094686
005 20150927110526.0
008 730529s1958 nyu 00000 eng
010 |a  58012647  
035 |a (OCoLC)00964710 
035 |9 AAL6557AM 
040 |a DLC  |c DLC  |d TXA  |d UtOrBLW 
043 |a n-us--- 
049 |a TXAM  |c 1 [904160]  |c 2 [478293] 
050 0 0 |a TL521  |b .T9 
082 0 |a 387.7082 
100 1 |a Tyler, Poyntz. 
245 1 0 |a Airways of America. 
264 1 |a New York :  |b H. W. Wilson Co.,  |c 1958. 
300 |a 189 pages ;  |c 21 cm. 
336 |a text  |b txt  |2 rdacontent 
337 |a unmediated  |b n  |2 rdamedia 
338 |a volume  |b nc  |2 rdacarrier 
490 1 |a The Reference shelf ;  |v v. 30, no. 6 
650 0 |a Aeronautics, Commercial  |z United States. 
650 0 |a Air traffic control  |z United States. 
830 0 |a Reference shelf ;  |v v. 30, no. 6. 
999 |a MARS 
999 f f |s 4c387cbc-6b2a-3d37-a297-a073c2f5ddc3  |i de500cce-a7f8-3792-a7c1-7452b1a9ca44  |t 0 
952 f f |p ric  |a Texas A&M University  |b Rellis Campus  |c Joint Library Facility  |d Remote Storage  |t 0  |e TL521 .T9  |h Library of Congress classification  |i unmediated -- volume  |m A14805534687 
998 f f |a TL521 .T9  |t 0  |l Remote Storage